000 00591nam a2200193 a 4500
001 000033494
003 OSt
005 20201127095843.0
008 110830s1958 dr 000 0 spa d
040 _aDO-SdBNP
_bspa
_cBNPHU
082 _axxxx
_bA973t
100 1 _aAybar Mella, Ramón
_959021
245 1 0 _aTransformación social de la República Dominicana en la Era de Trujillo /
_cRamón Aybar Mella.
260 _aCiudad Trujillo, República Dominicana :
_bStella,
_c1958.
300 _a28 p. ;
_c24 cm.
590 _aInventariado, 2020/ YL
910 _aYLockward
942 _2ddc
_cLF2
999 _c32985
_d32985